000 00426nam a2200157Ia 4500
008 230312s9999||||xx |||||||||||||| ||und||
020 _a06-045056-8
082 _a131.322
_bPAT-T
100 _aC.H. Patterson
245 0 _aTheories of Counseling and Psychotherapy
260 _bHarper & Row
_aNew York
_c1973
300 _a554
546 _aEng.
650 _aEconomics
_vRational Appoaches to Counseling
942 _cBK
999 _c2637
_d2637